LEADER 01688nam a2200229 i 4500 001 000000009075 003 CaOOAMICUS 005 20250306094914.0 008 180830s1792 it u000 u ita u 040 $aSeMil$bita 100 1 $aDe Vecchi, Fabio,$d<1745-1820>.$0(OLS)http://semarc/name/4494 245 10$aEsposizione della dottrina della Chiesa o sieno istruzioni famigliari e necessarie ad ogni sorta di persone intorno alla grazia di Gesù Cristo. Per servire di fondamento alla morale cristiana, .. 260 $aIn Siena :$bPresso i Fratelli Luigi, e Benedetto Bindi,$c[1792] 300 $a2 v. ;$c8°. 500 $aPer data di pubblicazione 1792 e autore F. De Vecchi, vedi Dizionario Treccani online. - Trattasi di adattamento di un catechismo francese commissionato a un canonico Narducci di Massa dallo stesso A., che ne curò anche la distribuzione a tutti i parroci di Siena. La pubblicazione venne in seguito posta all'Indice con decreto dell'11 genn. 1796. (sempre Treccani online) 650 4$aMorale cristiana - Chiesa cattolica.$0(OLS)http://semarc/subject/1419 700 1 $aBindi, Luigi & Bindi, Benedetto,$c.$0(OLS)http://semarc/name/2785 774 0 $aDe Vecchi, Fabio <1745-1820>$tTomo 1.$g1$w()41582 774 0 $aDe Vecchi, Fabio <1745-1820>$tTomo 2.$g2$w()213957 996 $6245$aEsposizione della dottrina della Chiesa o sieno istruzioni famigliari e necessarie ad ogni sorta di persone intorno alla grazia di Gesù Cristo. Per servire di fondamento alla morale cristiana, ..$9(OLS)http://semarc/title/11977 996 $6260$aIn Siena :$bPresso i Fratelli Luigi, e Benedetto Bindi$9(OLS)http://semarc/publisher/32460 LEADER 00554nab a2200145 i 4500 001 000000268515 003 CaOOAMICUS 005 20080415000000.0 008 080415n xx uu u0 0und r 013 $a13920 040 $aSeMil$bita 245 12$aI giovani e la parrocchia. - 16 p. - Titolo principale dalla prima pagina. 500 $a13 aprile 2008. 773 0 $t[2008 : Gennaio-Giugno].$dBologna : Centro Editoriale Dehoniano, 2008.$w()169052 996 $6245$aI giovani e la parrocchia. - 16 p. - Titolo principale dalla prima pagina.$9(OLS)http://semarc/title/358779